Beyond the Chindwin : (Record no. 187199)
[ view plain ]
| 000 -LEADER | |
|---|---|
| fixed length control field | 00738 a2200193 4500 |
| 003 - CONTROL NUMBER IDENTIFIER | |
| control field | Nust |
| 005 - DATE AND TIME OF LATEST TRANSACTION | |
| control field | 20230131103259.0 |
| 010 ## - LIBRARY OF CONGRESS CONTROL NUMBER | |
| LC control number | 45007587 |
| 040 ## - CATALOGING SOURCE | |
| Transcribing agency | Nust |
| 082 ## - DEWEY DECIMAL CLASSIFICATION NUMBER | |
| Classification number | 940.54,FER |
| 100 ## - MAIN ENTRY--PERSONAL NAME | |
| Personal name | Fergusson, Bernard, Sir, |
| 9 (RLIN) | 108168 |
| 245 ## - TITLE STATEMENT | |
| Title | Beyond the Chindwin : |
| Remainder of title | being an account of the adventures of Number five column of the Wingate expedition into Burma, 1943 / |
| Statement of responsibility, etc. | Bernard Fergusson, with a foreword by Field-Marshal Earl Wavell. |
| 260 ## - PUBLICATION, DISTRIBUTION, ETC. | |
| Place of publication, distribution, etc. | London |
| Name of publisher, distributor, etc. | Collins |
| Date of publication, distribution, etc. | 1945 |
| 300 ## - PHYSICAL DESCRIPTION | |
| Extent | 255 p |
| Other physical details | front., |
| Dimensions | illus |
| Accompanying material | (maps) plates |
| Type of unit | ports |
| Size of unit | 21 cm |
| 505 ## - FORMATTED CONTENTS NOTE | |
| Formatted contents note | Part 1. Grand Entrance (Page-17), Part 2. Emergency Exit (Page-144). |
| 600 ## - SUBJECT ADDED ENTRY--PERSONAL NAME | |
| Personal name | Fergusson, Bernard, Sir, |
| 9 (RLIN) | 108168 |
| 650 ## - SUBJECT ADDED ENTRY--TOPICAL TERM | |
| Topical term or geographic name entry element | World War-II Burma |
| 9 (RLIN) | 108169 |
| 942 ## - ADDED ENTRY ELEMENTS (KOHA) | |
| Source of classification or shelving scheme | |
| Koha item type | Book |
| Withdrawn status | Lost status | Source of classification or shelving scheme | Damaged status | Not for loan | Permanent Location | Current Location | Shelving location | Date acquired | Full call number | Barcode | Date last seen | Price effective from | Koha item type | Public note |
|---|---|---|---|---|---|---|---|---|---|---|---|---|---|---|
| Military College of Signals (MCS) | Military College of Signals (MCS) | General Stacks | 12/12/2016 | 940.54,FER | MCS29300 | 12/08/2016 | 12/12/2016 | Book | Almirah No.60, Shelf No.2 |
